00542nam a2200169Ia 450000500170000000800410001702000150005808200130007310000180008624500440010426000390014830000140018750000520020194200060025395200980025999900150035720250701015530.0240331s9999 xx 000 0 und d a9555540233 bJAYa891 aJayathilake,K 0aVimarshana sahitha kawsilumina kaawyaya aColombobPradeepa Publishersc1992 a278 p ., aThe Epic Poem Kavsilumini - with investigations cL 001040708LaWERCLbWERCLcSSCd2024-03-31l0o 891.48 JAYp1664r2024-03-31w2024-03-31yL c4791d4791